Psychological Dimensions of Social Interaction : Readings and Pers (Record no. 1449139)

MARC details
000 -LEADER
fixed length control field 00580nam a2200193Ia 4500
005 - DATE AND TIME OF LATEST TRANSACTION
control field 20250923145248.0
008 - FIXED-LENGTH DATA ELEMENTS--GENERAL INFORMATION
fixed length control field 008 250917s9999 xx 000 0 eng d
037 ## - SOURCE OF ACQUISITION
Stock number Textual
040 ## - CATALOGING SOURCE
Original cataloging agency DSWL
Language of cataloging eng
Transcribing agency DSWL
041 ## - LANGUAGE CODE
Language code of text/sound track or separate title eng
Source of code eng
084 ## - COLON CLASSIFICATION NUMBER
Classification number S8x, N72
Assigning agency DSWL
245 #0 - TITLE STATEMENT
Title Psychological Dimensions of Social Interaction : Readings and Pers
Statement of responsibility, etc. Ed. by Linder Drawyn Ellworth
260 ## - PUBLICATION, DISTRIBUTION, ETC.
Place of publication, distribution, etc. Massachusetts
Name of publisher, distributor, etc. Addison-Wesley Pub. Company
Date of publication, distribution, etc. 1973
300 ## - PHYSICAL DESCRIPTION
Extent xii,297p.
365 ## - TRADE PRICE
Price type code USD
Price amount 4.5
925 ## -
-- 4.5
942 ## - ADDED ENTRY ELEMENTS (KOHA)
Koha item type Textual
Classification part S8x, N72
Holdings
Withdrawn status Lost status Damaged status Not for loan Home library Current library Date acquired Source of acquisition Inventory number Total Checkouts Full call number Barcode Date last seen Price effective from Koha item type
        Department of Social Work Library Department of Social Work Library 2025-09-23 Universal D/2792   S8x, N72 SW0016318 2025-09-23 2025-09-23 Textual
Copyright @ Delhi University Library System